| 000 | 01932nam0a2200397 4500 | ||
|---|---|---|---|
| 001 | RU\NLR\bibl\1052905 | ||
| 005 | 20250615034608.0 | ||
| 010 |
_a5-85129-175-3 _93000 |
||
| 021 |
_aRU _b2007-795 _935 |
||
| 035 | _a(NLR Aleph) 001040209 | ||
| 090 |
_a813814 _c813814 |
||
| 100 | _a20070302d2006 |||y0rusy50 ca | ||
| 101 | 0 | _arus | |
| 102 | _aRU | ||
| 105 | _aa ||||||||| | ||
| 200 | 1 |
_aЭлектронные источники правовой информации _eучебно-методическое пособие _fН.И. Васькова, М.В. Салменкова |
|
| 210 |
_aМосква _cЛиберея-Бибинформ _d2006 |
||
| 215 |
_a120 с. _cсхем. _d21 |
||
| 225 | 1 |
_aБиблиотекарь и время. XXI век _e100 выпусков _fотв. ред. О.Р. Бородин _vВып. N° 49 |
|
| 300 | _aНа 4-й с. обл. авт.: Васькова Н.И., Салменкова М.В., кандидаты пед. наук | ||
| 320 | _aБиблиогр.: с. 75-86 (187 назв.) | ||
| 606 | 1 |
_aБиблиотеки _jУчебно-методические пособия _xПропаганда литературы по праву _92318785 _3RU\NLR\auth\661387328 |
|
| 606 | 1 |
_aИнформация правовая _91131083 _3RU\NLR\auth\66129995 |
|
| 606 | 1 |
_aБиблиотечное дело _jУчебно-методические пособия _xАвтоматизация _92083775 _3RU\NLR\auth\661259847 |
|
| 686 | _aХ62ф | ||
| 686 | _aЧ735.113.37 | ||
| 686 | _aЧ738.3 | ||
| 700 | 1 |
_4070 _aВаськова _bН. И. _cканд. пед. наук _gНаталья Ивановна _9214536 _3RU\NLR\AUTH\770214592 |
|
| 701 | 1 |
_aСалменкова _bМ. В. _gМарина Владимировна _4070 |
|
| 801 | 0 |
_aRU _bNLR _c20070302 _gRCR |
|
| 801 | 1 |
_aRU _bNLR _c20070302 |
|
| 830 | _aАвт. по кн | ||
| 942 | _cBOOK | ||
| 980 | _aNB | ||